书目信息 |
| 题名: |
少年儿童保健要诀
|
|
| 作者: | 张湖德 主编 | |
| 分册: | ||
| 出版信息: | 北京 中国轻工业出版社 1999.06 |
|
| 页数: | 501页 | |
| 开本: | 32开 | |
| 丛书名: | ||
| 单 册: | ||
| 中图分类: | R179 | |
| 科图分类: | ||
| 主题词: | 儿童少年卫生 | |
| 电子资源: | ||
| ISBN: | 7-5019-2470-8 | |
| 000 | 00562nam0 2200193 45 | |
| 001 | 0011221148 | |
| 005 | 20001122082448.1 | |
| 010 | @a7-5019-2470-8@d22.00元 | |
| 100 | @a20001122d1999 km y0chiy0120 ea | |
| 101 | 0 | @achi |
| 105 | @a z 000yy | |
| 200 | 1 | @a少年儿童保健要诀@AShao Nian Er Tong Bao Jian Yao Jue@f张湖德主编@FZhang Hu De Zhu Bian |
| 210 | @a北京@c中国轻工业出版社@d1999.06 | |
| 215 | @a501页@d32开 | |
| 606 | 0 | @a儿童少年卫生 |
| 690 | @aR179@v3 | |
| 701 | 0 | @a张湖德@4主编 |
| 801 | @aCN@bPftUser@c20001122 | |
| 905 | @b500697-698@dR179@eZH138@f2 | |
| 少年儿童保健要诀/张湖德主编.-北京:中国轻工业出版社,1999.06 |
| 501页;32开 |
| ISBN 7-5019-2470-8:22.00元 |
| ● |
| 相关链接 |
|
|
|
正题名:少年儿童保健要诀
索取号:R179/ZH138
 
预约/预借
| 序号 | 登录号 | 条形码 | 馆藏地/架位号 | 状态 | 备注 |
| 1 | 500697 | 205006973 | 自科库401/ [索取号:R179/ZH138] | 在馆 | |
| 2 | 500698 | 205006982 | 自科库401/401自科库 8排2列1层/ [索取号:R179/ZH138] | 在馆 |